[Event "30th Cracovia Festival-A 2019"]
[Site "Krakow"]
[Date "2020.01.02"]
[Round "7.12"]
[White "Kopylov, Michael"]
[Black "Szustakowski, Antoni"]
[Result "1-0"]
[WhiteElo "2411"]
[BlackElo "2299"]
[Annotator "NA"]
[PlyCount "75"]
[EventDate "2019.12.27"]
[EventCountry "POL"]
[SourceTitle "playchess.com"]
[Source "ChessBase"]
[SourceQuality "1"]

1. d4 Nf6 2. c4 e6 3. g3 d5 4. Nf3 Be7 5. Bg2 O-O 6. O-O dxc4 7. Qc2 b6 8. Bg5 Nd5 9. Bxe7 Qxe7 10. e4 Nb4 11. Qc3 c5 12. Nbd2 N4c6 13. d5 Na5 14. Rfe1 Bb7 15. Nxc4 Nxc4 16. Qxc4 exd5 17. exd5 Qd6 18. Ne5 Nd7 19. Nc6 Nf6 20. a4 a6 21. Rad1 Rfe8 22. Qb3 Nd7 23. Na5 Reb8 24. Nc4 Qf6 25. Bh3 b5 26. Bxd7 bxc4 27. Qxc4 Qd6 28. Bh3 Rd8 29. Bg2 a5 30. Qb5 Rdb8 31. Rc1 Qf6 32. Qxc5 Qxb2 33. Rb1 Qd2 34. Qc7 g6 35. d6 Bxg2 36. Rxb8+ Rxb8 37. Qxb8+ Kg7 38. Qe8 1-0

[Event "30th Cracovia Festival-A 2019"]
[Site "Krakow"]
[Date "2020.01.02"]
[Round "7.13"]
[White "Silich, Yahor"]
[Black "Kozak, Antoni"]
[Result "0-1"]
[WhiteElo "2158"]
[BlackElo "2372"]
[Annotator "NA"]
[PlyCount "78"]
[EventDate "2019.12.27"]
[EventCountry "POL"]
[SourceTitle "playchess.com"]
[Source "ChessBase"]
[SourceQuality "1"]

1. e4 c5 2. Nf3 e6 3. Nc3 a6 4. g3 b5 5. Bg2 Bb7 6. d4 cxd4 7. Nxd4 Nf6 8. Qe2 b4 9. Na4 d5 10. Bg5 Be7 11. e5 Nfd7 12. Bxe7 Qxe7 13. O-O-O Nc6 14. b3 Ndxe5 15. f4 Nd7 16. Rhe1 O-O 17. Bxd5 Nxd4 18. Rxd4 Bxd5 19. Rxd5 Nf6 20. Rd4 a5 21. Qe5 Qb7 22. Nc5 Qa7 23. Kb2 Rac8 24. Na4 Nd5 25. f5 Ne7 26. Rg4 Nxf5 27. Ree4 Rfd8 28. Rc4 h5 29. Rxc8 Rxc8 30. Rc4 Rd8 31. Rc5 Rd2 32. Rxa5 Qf2 33. Rc5 Qxh2 34. Qe4 Qxg3 35. Qxb4 Qf2 36. Rc8+ Kh7 37. Qf8 Nd4 38. Nc3 Rxc2+ 39. Ka3 Rxc3 0-1

[Event "30th Cracovia Festival-A 2019"]
[Site "Krakow"]
[Date "2020.01.02"]
[Round "7.15"]
[White "Kruglyakov, Pavlo"]
[Black "Grabowski, Pawel"]
[Result "1-0"]
[WhiteElo "2357"]
[BlackElo "2281"]
[Annotator "ChessBase"]
[PlyCount "105"]
[EventDate "2019.12.27"]
[EventCountry "POL"]
[SourceTitle "playchess.com"]
[Source "ChessBase"]
[SourceQuality "1"]

1. Nf3 g6 2. g3 Bg7 3. d4 d6 4. Bg2 Nf6 5. O-O O-O 6. Re1 c6 7. a4 a5 8. e4 Na6 9. Nbd2 d5 10. e5 Ne8 11. Nb3 b6 12. Be3 Bf5 13. h3 Nec7 14. c3 Rb8 15. g4 Bc8 16. Qd2 Ne6 17. Nh4 b5 18. f4 bxa4 19. Nc1 c5 20. f5 cxd4 21. cxd4 Nec7 22. Rxa4 Na8 23. b3 Nb4 24. Ne2 Bd7 25. Raa1 Qb6 26. Ng3 Rbc8 27. Rac1 Nc7 28. Bh6 Nb5 29. Rxc8 Rxc8 30. Bxg7 Nxd4 31. Kh2 Kxg7 32. Qg5 Kf8 33. Qh6+ Ke8 34. Qxh7 Kd8 35. Qxf7 Be8 36. Qf8 gxf5 37. gxf5 Rc2 38. f6 Qe6 39. Rf1 exf6 40. exf6 Qf7 41. Qd6+ Kc8 42. Nhf5 Nxf5 43. Nxf5 Nc6 44. Ne3 Re2 45. Nxd5 Re6 46. Qf4 Kb7 47. Qf2 Kc8 48. Rc1 Qf8 49. Qf5 Bd7 50. Qf4 Kd8 51. f7 Rd6 52. Qg5+ Kc8 53. Qg8 1-0

[Event "30th Cracovia Festival-A 2019"]
[Site "Krakow"]
[Date "2020.01.02"]
[Round "7.16"]
[White "Belous, Mikhail"]
[Black "Bugalski, Michal"]
[Result "1-0"]
[WhiteElo "2349"]
[BlackElo "2241"]
[Annotator "ChessBase"]
[PlyCount "26"]
[EventDate "2019.12.27"]
[EventCountry "POL"]
[SourceTitle "playchess.com"]
[Source "ChessBase"]
[SourceQuality "1"]

1. d4 Nf6 2. c4 e6 3. Nf3 Bb4+ 4. Bd2 a5 5. g3 c5 6. Bg2 O-O 7. O-O cxd4 8. Bxb4 axb4 9. Nxd4 Nc6 10. Nb5 d5 11. cxd5 Nxd5 12. a4 bxa3 13. Rxa3 Rxa3 1-0

[Event "30th Cracovia Festival-A 2019"]
[Site "Krakow"]
[Date "2020.01.02"]
[Round "7.17"]
[White "Morgunov, Marc"]
[Black "Milikow, Yoav"]
[Result "0-1"]
[WhiteElo "2311"]
[BlackElo "2236"]
[Annotator "ChessBase"]
[PlyCount "142"]
[EventDate "2019.12.27"]
[EventCountry "POL"]
[SourceTitle "playchess.com"]
[Source "ChessBase"]
[SourceQuality "1"]

1. e4 e6 2. d4 d5 3. Nd2 c5 4. Ngf3 Nc6 5. exd5 exd5 6. Bb5 Qe7+ 7. Qe2 Qxe2+ 8. Kxe2 a6 9. Bxc6+ bxc6 10. Re1 f6 11. dxc5 Bxc5 12. Nb3 Bd6 13. Be3 Ne7 14. Bc5 Kd7 15. Nfd4 a5 16. Bb6 a4 17. Nc5+ Ke8 18. Kd2 Kf7 19. Nd3 Nf5 20. Nxf5 Bxf5 21. Bc5 Bxc5 22. Nxc5 Rhb8 23. b3 a3 24. c3 Rb5 25. b4 d4 26. Nb3 dxc3+ 27. Kxc3 Rd5 28. Rad1 Be4 29. Rxd5 Bxd5 30. f3 h5 31. h4 g5 32. hxg5 fxg5 33. b5 Ra4 34. bxc6 Bxc6 35. Nc5 Rh4 36. Kb3 Rh2 37. Rg1 g4 38. fxg4 h4 39. Nd3 Bxg2 40. Nf4 Ba8 41. g5 Rf2 42. g6+ Kg8 43. Rg4 h3 44. Nxh3 Rf3+ 45. Kb4 Rxh3 46. Rc4 Bd5 47. Rc3 Rh2 48. Rxa3 Bxa2 49. Kc5 Bb1 50. Kd4 Kg7 51. Rf3 Kxg6 52. Rf4 Bf5 53. Ke3 Kf6 54. Rb4 Rh3+ 55. Kd2 Ra3 56. Rb8 Ke5 57. Re8+ Kf4 58. Rf8 Rd3+ 59. Ke2 Rd7 60. Re8 Bg4+ 61. Kf2 Rd2+ 62. Ke1 Rb2 63. Rf8+ Kg3 64. Re8 Ra2 65. Re7 Bf3 66. Re8 Kf4 67. Re7 Rb2 68. Rc7 Ra2 69. Re7 Be4 70. Kd1 Ke3 71. Rg7 Ra1# 0-1

[Event "30th Cracovia Festival-A 2019"]
[Site "Krakow"]
[Date "2020.01.02"]
[Round "7.18"]
[White "Szpar, Milosz"]
[Black "Plichta, Kamil"]
[Result "1/2-1/2"]
[WhiteElo "2291"]
[BlackElo "2353"]
[Annotator "RC"]
[PlyCount "36"]
[EventDate "2019.12.27"]
[EventCountry "POL"]
[SourceTitle "playchess.com"]
[Source "ChessBase"]
[SourceQuality "1"]

1. e4 c5 2. Nf3 e6 3. d4 cxd4 4. Nxd4 Nf6 5. Nc3 Nc6 6. Ndb5 Bb4 7. a3 Bxc3+ 8. Nxc3 d5 9. exd5 exd5 10. Bd3 O-O 11. O-O d4 12. Ne4 Bf5 13. Bg5 Bxe4 14. Bxe4 h6 15. Bxf6 Qxf6 16. Re1 Rac8 17. Qf3 Qxf3 18. Bxf3 Rfd8 1/2-1/2

[Event "30th Cracovia Festival-A 2019"]
[Site "Krakow"]
[Date "2020.01.02"]
[Round "7.19"]
[White "Goluch, Piotr"]
[Black "Gbyl, Andrzej"]
[Result "1-0"]
[WhiteElo "2415"]
[BlackElo "2243"]
[Annotator "NA"]
[PlyCount "59"]
[EventDate "2019.12.27"]
[EventCountry "POL"]
[SourceTitle "playchess.com"]
[Source "ChessBase"]
[SourceQuality "1"]

1. e4 e6 2. d4 d5 3. Nd2 Be7 4. a3 Nf6 5. e5 Nfd7 6. Ne2 c5 7. c3 Nc6 8. Nf3 cxd4 9. cxd4 a5 10. Nf4 g6 11. b3 Nb6 12. Be3 Bd7 13. Bd3 a4 14. b4 Na7 15. Qe2 Nbc8 $16 (15... Rc8 $11) 16. h4 b5 17. Nh2 Nb6 18. h5 g5 19. Ng6 hxg6 20. hxg6 Bc6 21. g7 Rg8 22. Ng4 Kd7 23. Rh7 Nc4 24. Qf3 Qe8 25. Ke2 Kc7 26. Nh6 Kb6 27. Nxg8 Qxg8 28. Qh5 f5 29. exf6 Bxf6 30. Qg6 1-0

[Event "30th Cracovia Festival-A 2019"]
[Site "Krakow"]
[Date "2020.01.02"]
[Round "7.20"]
[White "Lewtak, Damian"]
[Black "Bus, Konrad"]
[Result "0-1"]
[WhiteElo "2379"]
[BlackElo "2214"]
[Annotator "ChessBase"]
[PlyCount "56"]
[EventDate "2019.12.27"]
[EventCountry "POL"]
[SourceTitle "playchess.com"]
[Source "ChessBase"]
[SourceQuality "1"]

1. Nf3 d5 2. d4 Nf6 3. Bf4 e6 4. e3 Bd6 5. Bg3 c5 6. c3 Qc7 7. Nbd2 Nbd7 8. Bd3 O-O 9. b4 b6 10. O-O Bxg3 11. hxg3 e5 12. Be2 e4 13. Nh2 Re8 14. dxc5 bxc5 15. Nb3 c4 16. Nd4 Ne5 17. g4 h6 18. Kh1 Bd7 19. f4 exf3 20. gxf3 Ng6 21. Nc2 Ba4 22. Rc1 Bxc2 23. Rxc2 Rxe3 24. Rg1 Qe5 25. Qd2 Re8 26. Bf1 Nf4 27. a4 Nh7 28. g5 h5 0-1

[Event "30th Cracovia Festival-A 2019"]
[Site "Krakow"]
[Date "2020.01.02"]
[Round "7.21"]
[White "Marszalek, Maciej"]
[Black "Klepek, Witold"]
[Result "1-0"]
[WhiteElo "2314"]
[BlackElo "2201"]
[Annotator "ChessBase"]
[PlyCount "109"]
[EventDate "2019.12.27"]
[EventCountry "POL"]
[SourceTitle "playchess.com"]
[Source "ChessBase"]
[SourceQuality "1"]

1. d4 Nf6 2. c4 e6 3. g3 d5 4. Nf3 Be7 5. Bg2 O-O 6. O-O dxc4 7. Qc2 a6 8. a4 Bd7 9. Qxc4 Bc6 10. Bf4 Nbd7 11. Nc3 Nb6 12. Qd3 Nbd5 13. Rfd1 Rc8 14. Bg5 Nxc3 15. bxc3 Be4 16. Qe3 Bd5 17. Bxf6 Bxf6 18. Ne1 Bxg2 19. Nxg2 c5 20. Qe4 Qc7 21. Rab1 b6 22. Ne3 Rfe8 23. Qd3 Red8 24. Ng4 c4 25. Nxf6+ gxf6 26. Qf3 f5 27. Rb4 Rd5 28. Rdb1 Rb8 29. Qf4 Qxf4 30. gxf4 b5 31. Rxc4 Ra8 32. Rcb4 Rc8 33. R1b3 Kg7 34. e3 Kg6 35. Kg2 Kh5 36. Kf3 bxa4 37. Rxa4 Rb5 38. Rba3 Rb2 39. c4 f6 40. c5 e5 41. fxe5 fxe5 42. Ra2 Rb3 43. Rc2 exd4 44. Rxd4 Rc6 45. Kf4 Rb5 46. Rd5 Kg6 47. Rxf5 a5 48. Rd5 Kf6 49. e4 a4 50. f3 a3 51. Rd3 Ra5 52. Ra2 Rca6 53. c6 Rxc6 54. Rdxa3 Rh5 55. Ra6 1-0

[Event "30th Cracovia Festival-A 2019"]
[Site "Krakow"]
[Date "2020.01.02"]
[Round "7.22"]
[White "Sanz Wawer, Daniel"]
[Black "Zochowski, Kacper"]
[Result "1-0"]
[WhiteElo "2212"]
[BlackElo "2313"]
[Annotator "NA"]
[PlyCount "71"]
[EventDate "2019.12.27"]
[EventCountry "POL"]
[SourceTitle "playchess.com"]
[Source "ChessBase"]
[SourceQuality "1"]

1. e4 d6 2. d4 Nf6 3. Nc3 g6 4. Bg5 c6 5. Bd3 Bg7 6. Nge2 O-O 7. Qd2 c5 8. d5 a6 9. a4 Qc7 10. Ng3 Re8 11. O-O Nbd7 12. Kh1 c4 13. Be2 Rb8 14. Bh6 Bh8 15. Be3 b6 16. f4 Bb7 17. Bf3 Rbd8 18. Rad1 Nc5 19. Rfe1 e6 20. dxe6 Nxe6 21. Qf2 Nc5 22. Bd4 Qc8 23. h3 Qa8 24. a5 h5 25. axb6 h4 26. Nf1 Ncxe4 27. Nxe4 Bxe4 28. Bxe4 Nxe4 29. Qxh4 Bxd4 30. Rxd4 Nc5 31. Rxe8+ Rxe8 32. f5 Qc8 33. fxg6 fxg6 34. Rxd6 Qf5 35. Rf6 Qxc2 36. Qh6 1-0

[Event "30th Cracovia Festival-A 2019"]
[Site "Krakow"]
[Date "2020.01.02"]
[Round "7.23"]
[White "Nikolaidis, Konstantinos"]
[Black "Punin, Andrii"]
[Result "1/2-1/2"]
[WhiteElo "2200"]
[BlackElo "2311"]
[Annotator "NA"]
[PlyCount "76"]
[EventDate "2019.12.27"]
[EventCountry "POL"]
[SourceTitle "playchess.com"]
[Source "ChessBase"]
[SourceQuality "1"]

1. d4 Nf6 2. c4 e6 3. Nc3 Bb4 4. Qc2 O-O 5. e4 d5 6. e5 Ne4 7. Bd3 c5 8. Nge2 {E32: Nimzo-Indian: Classical (4 Qc2): 4...0-0} ({Predecessor:} 8. Nf3 cxd4 {1-0 (53) Vallejo Pons,F (2698)-Sebenik,M (2540) chess.com INT 2019}) 8... cxd4 9. Nxd4 Nd7 10. Bf4 Qh4 11. g3 Qh5 12. h4 $146 (12. O-O g5 13. cxd5 Bxc3 14. bxc3 gxf4 15. dxe6 Nxe5 16. Bxe4 {½-½ (37) Mamedyarov,S (2764)-Caruana,F (2818) Saint Louis 2019}) 12... Nxe5 13. Be2 Ng4 14. Bxg4 Qxg4 15. f3 Qh5 16. g4 Qg6 17. fxe4 e5 18. Bxe5 Re8 19. O-O-O Rxe5 20. Nxd5 Bf8 {[#]} 21. Nf5 $16 Bxf5 22. exf5 Qc6 23. Rhe1 Rxe1 24. Rxe1 Qh6+ 25. Kb1 Qxh4 26. Qe4 Rd8 27. a4 Qg3 28. Ka2 a6 29. f6 g6 30. Ne7+ Kh8 31. Re3 Qf2 32. g5 Qd2 33. Nd5 Qa5 34. b3 Qd2+ 35. Kb1 Qd1+ 36. Kb2 Qd2+ 37. Kb1 Qd1+ 38. Kb2 Qd2+ 1/2-1/2

[Event "30th Cracovia Festival-A 2019"]
[Site "Krakow"]
[Date "2020.01.02"]
[Round "7.24"]
[White "Sliwicka, Alicja"]
[Black "Ilandzis, Spyridon"]
[Result "1/2-1/2"]
[WhiteElo "2264"]
[BlackElo "2119"]
[Annotator "ChessBase"]
[PlyCount "118"]
[EventDate "2019.12.27"]
[EventCountry "POL"]
[SourceTitle "playchess.com"]
[Source "ChessBase"]
[SourceQuality "1"]

1. e4 c5 2. Nf3 Nc6 3. d4 cxd4 4. Nxd4 e5 5. Nb5 a6 6. Nd6+ Bxd6 7. Qxd6 Qf6 8. Qd2 Nge7 9. Nc3 O-O 10. Bc4 b5 11. Bb3 Rb8 12. O-O Nd4 13. Nd5 Nxd5 14. Bxd5 Bb7 15. Bxb7 Rxb7 16. c3 Ne6 17. Qd6 Ng5 18. Qd5 Rb6 19. f4 Ne6 20. fxe5 Qg6 21. Rf5 Qg4 22. Be3 Rc6 23. Raf1 Qe2 24. Bd4 Qc4 25. Qxd7 Nd8 26. Qd5 Rg6 27. Bc5 Re8 28. b3 Qe2 29. g3 Rge6 30. b4 g6 31. R5f2 Rxe5 32. Qxe5 Qxf1+ 33. Kxf1 Rxe5 34. Re2 f5 35. exf5 Rxe2 36. Kxe2 gxf5 37. Kd3 Kf7 38. c4 Ke6 39. Bd4 Nc6 40. Bc3 Ne7 41. a3 Ng6 42. Kd4 bxc4 43. Kxc4 Kd6 44. a4 h5 45. b5 axb5+ 46. axb5 h4 47. Bb4+ Kc7 48. Bd2 Ne5+ 49. Kd5 Nf3 50. Be3 h3 51. Ke6 Nxh2 52. Kxf5 Nf3 53. g4 h2 54. Bf4+ Kb6 55. Bxh2 Nxh2 56. g5 Nf3 57. g6 Nh4+ 58. Kf6 Nxg6 59. Kxg6 Kxb5 1/2-1/2

[Event "30th Cracovia Festival-A 2019"]
[Site "Krakow"]
[Date "2020.01.03"]
[Round "8.1"]
[White "Gumularz, Szymon"]
[Black "Girish, A. Koushik"]
[Result "1/2-1/2"]
[WhiteElo "2493"]
[BlackElo "2506"]
[Annotator "ChessBase"]
[PlyCount "47"]
[EventDate "2019.12.27"]
[EventCountry "POL"]
[SourceTitle "playchess.com"]
[Source "ChessBase"]
[SourceQuality "1"]
[TimeControl "40/5400+30:1800+30"]

1. c4 {[%emt 0:00:01]} e6 {[%emt 0:00:03]} 2. Nc3 {[%emt 0:01:21]} d5 {[%emt 0:00:13]} 3. d4 {[%emt 0:00:05]} Bb4 {[%emt 0:00:06]} 4. cxd5 {[%emt 0:01:11]} exd5 {[%emt 0:01:10]} 5. Bf4 {[%emt 0:00:35]} c6 {[%emt 0:01:13]} 6. e3 {[%emt 0:07:58]} Ne7 {[%emt 0:06:07]} 7. Bd3 {[%emt 0:04:54]} Bf5 {[%emt 0:03:11]} 8. Nge2 {[%emt 0:04:08]} O-O {[%emt 0:01:47]} 9. Rc1 {[%emt 0:03:00]} Bd6 {[%emt 0:05:35]} 10. Bg3 {[%emt 0:00:39]} Bxd3 {[%emt 0:05:07]} 11. Qxd3 {[%emt 0:00:12]} Na6 {[%emt 0:00:21]} 12. O-O {[%emt 0:03:26]} Nc7 {[%emt 0:03:50]} 13. Na4 {[%emt 0:07:02]} Ne6 {[%emt 0:09:33]} 14. b4 {[%emt 0:22:19]} b6 {[%emt 0:08:53]} 15. b5 {[%emt 0:11:15]} Bxg3 {[%emt 0:02:40]} 16. hxg3 {[%emt 0:00:51]} Qd6 {[%emt 0:06:28]} 17. bxc6 {[%emt 0:01:21]} Rfc8 {[%emt 0:01:14]} 18. Rc2 {[%emt 0:02:37]} Rxc6 {[%emt 0:00:42]} 19. Rfc1 {[%emt 0:00:15]} Rac8 {[%emt 0:00:27]} 20. Rxc6 {[%emt 0:00:29]} Rxc6 {[%emt 0:00:06]} 21. Rxc6 {[%emt 0:00:20]} Qxc6 {[%emt 0:00:08]} 22. Nac3 {[%emt 0:03:55]} Nc7 {[%emt 0:03:33]} 23. a4 {[%emt 0:03:40]} a6 {[%emt 0:01:03]} 24. Qb1 {[%emt 0:06:42]} 1/2-1/2

[Event "30th Cracovia Festival-A 2019"]
[Site "Krakow"]
[Date "2020.01.03"]
[Round "8.2"]
[White "Sabuk, Piotr"]
[Black "Golubka, Petro"]
[Result "0-1"]
[WhiteElo "2354"]
[BlackElo "2479"]
[Annotator "TA"]
[PlyCount "102"]
[EventDate "2019.12.27"]
[EventCountry "POL"]
[SourceTitle "playchess.com"]
[Source "ChessBase"]
[SourceQuality "1"]

{[%evp 20,155,12,4,42,23,91,71,120,115,129,118,142,142,148,108,108,108,148,130,158,153,143,155,168,182,179,166,253,152,194,159,175,153,150,141,151,89,94,89,120,118,108,0,0,0,0,0,45,56,91,82,166,191,159,157,420,-144,-135,-339,-334,-322,-204,-188,-202,-216,-200,-202,-203,-247,-223,-230,-181,-229,-240,-216,-216,-208,-82,-83,-93,-82,-79,-83,-83,-70,-8,-8,-8,-8,-8,-8,-8,-8,-8,-8,-8,-8,-8,-73,-29,-25,-8,-8,-8,-8,-8,-9,-9,-1074,-1171,-29966,-29966,-29967,-29968,-29968,-29967,-6087,-3032,-29977,-29978,-29978,-29979,-29979,-29980,-29980,-29981,-29981,-29982,-29982,-29982,-29982,-29982,-29982,-29983,-29985,-29984,-29984]} 1. d4 Nf6 2. c4 e6 3. Nc3 Bb4 4. f3 d5 5. a3 Bxc3+ 6. bxc3 c5 7. cxd5 Nxd5 8. dxc5 Qa5 9. e4 Ne7 10. Be3 O-O 11. Qb3 Nbc6 {E25: Nimzo-Indian: Sämisch: 5...c5 6 f3 d5 7 cxd5} (11... Qc7 12. Bb5 Nec6 13. Ne2 Na5 14. Qb4 e5 15. Nd4 exd4 16. cxd4 b6 17. Rc1 Bd7 18. d5 Bxb5 19. cxb6 Qd7 20. Qxa5 axb6 21. Qxb6 Rxa3 {0-1 (53) Kravtsiv,M (2654)-Jakovenko,D (2749) Ankara 2018}) 12. Nh3 Bd7 $146 (12... e5 $11 {keeps the balance.}) ({Predecessor:} 12... f5 13. Ng5 Kh8 14. Bc4 h6 15. Nxe6 Bxe6 16. Bxe6 fxe4 17. fxe4 Rad8 18. Rf1 Rxf1+ 19. Kxf1 {½-½ (64) Grigoryan,K (2571)-Urazayev,A (2450) Tashkent 2019}) 13. Nf4 $16 Kh8 {White is better.} 14. Be2 Ne5 15. O-O Rab8 16. a4 {[%cal Ba3a4,Ba4a5][%mdl 32]} Rfd8 17. Rfb1 Be8 18. Qa3 N5c6 19. Bf1 e5 20. Nd3 Qc7 21. a5 f5 22. exf5 Nxf5 23. Bf2 Bf7 (23... Bg6 $142 24. a6 Ne3) 24. Qa4 Bg6 25. Re1 Nfe7 26. Nb4 a6 27. Bg3 Rd2 {[#]} 28. Nxc6 (28. Bxa6 $142 $1 {[%mdl 512] aiming for Bb5.} Ra8 (28... bxa6 29. Nxa6) 29. Nxc6 Nxc6 30. Bf1) 28... Nxc6 29. f4 {[%cal Rf4e5]} Bc2 30. Qc4 {[%cal Rf4e5]} Nxa5 31. Qe6 (31. Qb4 $16 Nc6 32. Qb6 Qxb6 33. cxb6) 31... Qxc5+ $11 32. Kh1 Nc6 ({Reject} 32... Qxc3 33. f5 $14) 33. fxe5 Rf8 34. Qc4 Qe7 {[#]} 35. e6 $1 Bf5 (35... h6 $16 {was called for.}) 36. Qf4 $18 Rd5 37. Bh4 Qc5 $2 (37... Bg6 $16) 38. Bc4 $2 {[#]} (38. e7 $18 Re8 39. Bc4) 38... Bxe6 $1 $17 {[%mdl 576] Discovered Attack} 39. Rxe6 $2 (39. Qe3 $17 Qxc4 40. Qxe6) 39... Rxf4 $19 40. Bxd5 Qxd5 ({Weaker is} 40... Qf8 41. h3 $17) 41. Re8+ {[#]} Qg8 $1 {[%cal Rg8e8]} 42. Rxg8+ Kxg8 {[%mdl 4096] Endgame KRB-KRN} 43. Bg3 Rc4 44. Ra3 Kf7 45. Kg1 Ke6 46. Kf2 Na7 47. Ra1 Nb5 48. Re1+ Kf6 (48... Kf7 $19 {and Black stays clearly on top.} 49. Rd1 Ke7 50. Re1+ Kf7) 49. Be5+ $17 Kf7 50. Ke3 Rc6 51. Rf1+ Kg6 {Played: Kf7-e6} 0-1

[Event "30th Cracovia Festival-A 2019"]
[Site "Krakow"]
[Date "2020.01.03"]
[Round "8.3"]
[White "Farkas, Gabor"]
[Black "Moroni, Luca Jr"]
[Result "0-1"]
[WhiteElo "2357"]
[BlackElo "2528"]
[Annotator "TA"]
[PlyCount "101"]
[EventDate "2019.12.27"]
[EventCountry "POL"]
[SourceTitle "playchess.com"]
[Source "ChessBase"]
[SourceQuality "1"]

{[%evp 10,101,18,6,3,-1,-12,-3,20,-12,-12,-4,20,-17,-10,-20,-15,-19,-14,-18,-15,-15,-16,-12,0,-10,-16,-8,-8,-8,-12,-8,-9,-25,0,-8,-20,-23,-17,-46,-23,-65,-57,-68,-67,-62,-60,-141,-133,-109,-89,-141,-135,-153,-147,-150,-129,-139,-135,-179,-191,-200,-198,-188,-175,-334,-340,-423,-399,-422,-421,-514,-503,-494,-520,-474,-439,-545,-533,-573,-557,-968,-712,-683,-676,-711,-695,-681,-623,-1052,-1094,-5640,-5421,-1386]} 1. d4 Nf6 2. c4 e6 3. Nc3 d5 4. Nf3 dxc4 5. e3 a6 6. a4 b6 {D24: Queen's Gambit Accepted: 3 Nf3 Nf6 4 Nc3} 7. Bxc4 Bb7 8. O-O Bb4 {The position is equal.} 9. Bd2 O-O 10. Ne4 Nc6 $146 (10... Bxd2 {with more complications.} 11. Nexd2 Qe7 12. Rc1 Nc6 13. Bd3 Rfd8) ({Predecessor:} 10... Be7 11. Nxf6+ Bxf6 12. Bc3 Nd7 13. Rc1 Qe7 14. Qe2 {0-1 (54) Karttunen,M (2445)-Nakamura,H (2786) Eilat 2012}) 11. Ng3 Bxd2 12. Qxd2 Na5 13. Ba2 Bxf3 14. gxf3 c5 15. b4 cxb4 16. Qxb4 Nd5 17. Qb2 Nc6 18. Rfc1 Ncb4 {Threatens to win with ...Nd3.} 19. Bc4 a5 20. Qd2 Qh4 21. Kh1 f5 22. f4 Qe7 23. Rg1 Rac8 24. Rac1 Rc7 25. Bxd5 Nxd5 26. Rxc7 Qxc7 27. Rc1 Qb7 {And now ...Nxe3+ would win.} 28. f3 (28. Kg1 $15) 28... Qd7 $17 29. Ra1 Qc6 30. Ne2 ({White should play} 30. Kg1) 30... Nb4 31. Kg2 {[#]} Qc2 $1 {[%cal Rc2d2]} 32. Qxc2 Nxc2 {[%mdl 4096] Endgame KRN-KRN} 33. Rc1 Nxe3+ 34. Kf2 Nd5 35. Rc6 Kf7 36. Nc3 Nxf4 37. Rxb6 $2 (37. d5 {is a better defense.}) 37... Rc8 $19 38. Rb7+ Kf6 39. Nb5 Rc2+ {Black is clearly winning.} 40. Kf1 Rxh2 41. Ra7 Ra2 42. Nd6 Ne2 43. d5 exd5 44. Ne8+ Kg5 45. Rxa5 h5 46. Nxg7 h4 47. Ne6+ Kf6 48. Ra6 {[#] Nf4+ is the strong threat.} Ke5 49. Nc5 {intending Re6+.} h3 50. Re6+ Kd4 51. Nb3+ {Accuracy: White = 41%, Black = 69%.} 0-1

[Event "30th Cracovia Festival-A 2019"]
[Site "Krakow"]
[Date "2020.01.03"]
[Round "8.4"]
[White "Vetoshko, Volodymyr"]
[Black "Niedbala, Bartlomiej"]
[Result "0-1"]
[WhiteElo "2511"]
[BlackElo "2239"]
[Annotator "TA"]
[PlyCount "68"]
[EventDate "2019.12.27"]
[EventCountry "POL"]
[SourceTitle "playchess.com"]
[Source "ChessBase"]
[SourceQuality "1"]

{[%evp 14,105,58,35,54,37,43,11,27,-10,12,20,22,22,27,22,54,13,15,24,56,0,0,-8,7,-51,-14,-43,-57,-53,-70,-78,-69,-78,-77,-60,-52,-132,-110,-180,-180,-251,-237,-213,-167,-141,-121,-228,-233,-287,-279,-254,-166,-396,0,-274,-215,-206,-198,-216,-197,-213,-137,-158,-162,-506,-462,-462,-364,-417,-423,-663,-674,-573,-523,-745,-683,-877,-851,-835,-844,-824,-810,-5477,-2572,-29987,-29988,-29988,-29989,-29989,-29990,-29996,-29997,-29999]} 1. d4 f5 2. Nf3 e6 3. g3 Nf6 4. Bg2 Be7 5. O-O O-O 6. c4 d6 7. Nc3 a5 8. Qc2 Nc6 {A96: Classical Dutch: Fluid Systems: Early deviations} 9. Rd1 (9. e4 fxe4 10. Nxe4 Nxe4 11. Qxe4 d5 12. Qe2 Bf6 13. Rd1 Kh8 14. Bf4 Ne7 15. Ne5 b6 16. Rac1 Bb7 17. c5 {½-½ (47) Van Wely,L (2610)-Reinderman,D (2575) Amstelveen 2019}) 9... Qe8 10. a3 e5 {The position is equal.} 11. d5 Nd8 $146 ({Predecessor:} 11... Nb8 12. c5 Qh5 13. Nb5 Na6 14. cxd6 Bxd6 15. Qc4 Bd7 16. Bd2 {0-1 (38) Duneas,J (2044)-Rains,E (1999) Auckland 2019}) 12. Nb5 Qd7 13. Ng5 Ne8 14. a4 Kh8 15. Nf3 Nf7 16. b3 b6 17. Nc3 ({White should try} 17. e4 $14) 17... g5 $11 18. e3 h5 19. Bb2 (19. Rf1 $11) 19... Bf6 20. Ne2 g4 21. Nd2 Ng5 22. f4 gxf3 $1 23. Nxf3 Nxf3+ 24. Bxf3 Qh7 25. Kf2 ({Better is} 25. Kh1 $15) 25... Bg5 26. h4 (26. Nf4 $17) 26... Bh6 $1 $19 27. Nc3 (27. Bc1 {was called for.}) 27... Nf6 28. Ke2 Rg8 29. Rg1 Bd7 30. Rae1 {[#]} (30. Rg2 $17) 30... Rg7 $1 31. Kd1 Rag8 32. Qf2 Ng4 33. Qd2 $2 (33. Bxg4 {was the only defense.} Rxg4 34. Kc1) 33... Nf6 $2 (33... Bxe3 $19 34. Rxe3 Nxe3+ {[%mdl 64] Discovered Attack} 35. Qxe3 {[#]} f4 $1 {[%mdl 512]}) 34. Ne2 $2 {[%mdl 8192]} (34. Qf2 $11 {and White has nothing to worry.}) 34... f4 {Played: Nf6-e4} 0-1